Educaçao e socializaçao (Registo nº 26464)

Detalhes MARC
000 -Etiqueta do registo
Valores 00702nam a2200253 4500
090 ## -
-- 26464
100 ## - Dados gerais de processamento
Dados gerais 20090512d1979 k y0pory5003 ba
101 1# - Língua de publicação
-- por
-- fre
102 ## - País de publicação
-- PT
200 1# - Titulo e menção de responsabilidade
Título próprio Educaçao e socializaçao
Informação de outro título elementos de psicologia da educaçao
Primeira menção de responsabilidade Georges Piaton
Outras menções de responsabilidade trad. José Saramago
205 ## - Menção da edição
Edição 1ª ed
210 ## - Publicação
Local de publicação Lisboa
Nome do editor Moraes
Data de publicação 1979
215 ## - Descrição física 
Paginação / Volumes 161, [5] p.
Dimensões 23 cm
225 2# - Colecção 
Título próprio da colecção Psicologia e pedagogia
304 ## - Nota relativa ao título
Texto de nota Tít. orig.: Education et socialisation
675 ## - CDU
Notação 37
Edição med
Língua por
700 #1 - Autor principal (pessoa individual)
Apelido Piaton
Nome Georges
702 #1 - Autor secundário (pessoa individual)
Apelido Saramago
Nome José
Datas 1922-
-- 730
930 ## -
-- BE/CRE
999 ## -
-- Moraes
998 ## -
-- FSE14-00202
990 ## - Elementos KOHA
Tipo de documento Livro
995 ## - Localização e informação dos exemplares
-- 18
Exemplares
Situação do levantamento Estado Biblioteca de origem Biblioteca de empréstimo Código de barras Cota Permissão de empréstimo Tipo de documento
  Completo Biblioteca da Escola Básica e Secundária Dr Isidoro de Sousa Biblioteca da Escola Básica e Secundária Dr Isidoro de Sousa 1751EV 159.9 PED Disponível Livro




Powered by Koha